Statistics for Sasha Alex Sloan Charting Songs (Billboard Hot Dance)

Click here to take the quiz!

General Stats

  • This quiz has been taken 15 times
    (5 since last reset)
  • The average score is 5 of 6

Answer Stats

AlbumWeeks OnPeakArtist(s)Song% Correct
Non-Album Single11 Weeks#18Alan Walker & Sasha Alex SloanHero
100%
Golden Hour21 Weeks#5Kygo & Sasha Alex SloanI'll Wait
100%
Non-Album Single1 Week#37Martin Garrix, DallasK & Sasha Alex SloanLoop
100%
Fallen Embers2 Weeks#18ILLENIUM & Sasha Alex SloanU & Me
100%
A Moment Apart21 Weeks#27ODESZA ft. Sasha SloanFalls
75%
Non-Album Single5 Weeks#10Martin Garrix ft. G-Eazy & Sasha Alex SloanLove Runs Out
50%

Score Distribution

Percentile by Number Answered

Percent of People with Each Score

Your Score History

You have not taken this quiz since the last reset